| 000 | 01227nam a2200277Ia 4500 | ||
|---|---|---|---|
| 999 |
_c51320 _d51320 |
||
| 001 | 18289 | ||
| 003 | GE_BSU | ||
| 005 | 20221031151038.0 | ||
| 008 | 181216s2010||||ge |||||||||||||| ||geo|| | ||
| 020 | _a9789941010293 | ||
| 040 | _cGE_BSU | ||
| 041 | _ageo | ||
| 080 | _a330.322 ქ-69 | ||
| 100 |
_aქოქიაური,ლამარა. _9217 |
||
| 245 |
_aსაინვესტიციო პროექტები : _bთეორია, ანალიზი, მართვა = Project of investing: theory, analysis, management / _cლამარა ქოქიაური, ნატო ბებიაშვილი ; [მეცნ.-რედ. ევგენი ბარათაშვილი]. |
||
| 250 | _aმე-2 გამოც. | ||
| 264 |
_aთბილისი, _c2010. |
||
| 300 |
_a418გვ.; _b27 სმ. |
||
| 504 | _aბიბლიოგრ. ტექსტ. შენიშვნ. და გვ. 388-394. | ||
| 520 | _aრეზ. ინგლ. | ||
| 541 | _h23ლ. | ||
| 653 | _aეკონომიკა | ||
| 653 | _aინვესტიციები | ||
| 700 |
_aბებიაშვილი, ნატო _eავტორი _915670 |
||
| 942 |
_cBK _2udc |
||